| Поле | Инд. | ПП | Название | Значение |
|---|---|---|---|---|
| Тип записи | a | |||
| Библиографический уровень | b | |||
| 001 | Контрольный номер | RU/IS/BASE/492094603 | ||
| 005 | Дата корректировки | 20200526074510.1 | ||
| 008 | Кодируемые данные | 20150805 | ||
| 040 | b | Код языка каталог. | rus | |
| e | Правила каталог. | PSBO | ||
| 041 | 0_ | a | Код языка текста | rus |
| 084 | a | Индекс другой классификации/Индекс ББК | 88.93; 88.94 | |
| 100 | 1_ | a | Автор | Красило А. И. |
| q | Полное имя | Красило Александр Иванович | ||
| 245 | 10 | a | Заглавие | Специфические особенности и проблемы персоналистического консультирования |
| 504 | a | Библиография | Лит. в конце статьи | |
| 650 | 14 | a | Основная рубрика | практическая психология (прикладная психология) |
| a | Основная рубрика | психокоррекция | ||
| a | Основная рубрика | психология | ||
| a | Основная рубрика | психотерапия | ||
| 653 | 1_ | a | Ключевые слова | направленность личности |
| a | Ключевые слова | персоналистическое консультирование | ||
| a | Ключевые слова | персонально-этический подход | ||
| a | Ключевые слова | психологическая реабилитация | ||
| a | Ключевые слова | психологическая травма | ||
| a | Ключевые слова | психологическое консультирование | ||
| a | Ключевые слова | смыслообразующие компоненты личности | ||
| a | Ключевые слова | смыслообразующие ценности | ||
| a | Ключевые слова | социализация личности | ||
| a | Ключевые слова | социальная реализация | ||
| a | Ключевые слова | социально-гуманистическое консультирование | ||
| a | Ключевые слова | социальные ценности | ||
| a | Ключевые слова | социальный невротик | ||
| a | Ключевые слова | социальный персонификатор | ||
| a | Ключевые слова | травматические переживания | ||
| 773 | 08 | t | Заглавие источника | Культурно-историческая психология |
| d | Дата издания источника | 2014 | ||
| g | Прочая информация | № 2. - С. 95 - 104 | ||
| w | Контрольный № источника | RU/IS/BASE/464192925 | ||
| 901 | t | Тип документа | b |